000 00811nam a2200217Ia 4500
999 _c38449
_d38449
001 4461
003 GE_BSU
005 20190520151138.0
008 181216s1977||||ge |||||||||||||| ||geo||
040 _cGE_BSU
041 _ageo
080 _a539.2(075.8) კ–83
100 _aკუკულაძე, გ
_91397
245 _aმყარი სხეულის ფიზიკა : სახელმძღ. /
_cგ. კუკულაძე ; რედ : დ.ღონღაძე.
264 _aთბილისი :
_bგანათლება,
_c1977.
300 _a279 გვ .:
_c22 სმ.
653 _aმყარი სხეულის ფიზიკა
653 _aფიზიკა
700 _aღონღაძე, დ
_eრედაქტორი
_91353
942 _cBK
_2udc